000 00722nam a2200205 a 4500
001 828
003 CO-ViMGA
008 141112s2004 ck r 000 u spa d
040 _aCO-ViMGA
_bspa
_cCO-ViMGA
082 0 4 _a635.643 G875
100 1 _aGuzmán Perez, Jose Eduardo
245 1 0 _aEl cultivo del pimiento y el ají
260 _aCaracas :
_bEspasande,
_c1988
300 _a152 p
490 _aAgrícola vegetal, 6
505 _aGeneralidades sobre el cultivo 7 - - Botánica, Fisiología 17 - - Agronomía, Construcción de semilleros 41 - - Plagas y enfermedades de importancia económica 69 - - Los herbicidas 151
650 1 4 _aAJI - CULTIVO
_948756
650 1 4 _aPIMIENTO - CULTIVO
_948757
942 _2ddc
_cBK
999 _c13064
_d13064